|
|
|
|
| LEADER |
01211cam a2200301 a 4500 |
| 001 |
c000276173 |
| 003 |
CARM |
| 005 |
20071114092034.0 |
| 008 |
811013s1982 enk b 000 0 eng |
| 010 |
|
|
|a 81017604
|
| 019 |
1 |
|
|a 2114923
|z 45175540
|5 LACONCORD2021
|
| 020 |
|
|
|a 0865980764 (Allanheld, Osmun) (hbk.) :
|c $26.50
|
| 035 |
|
|
|a (OCoLC)7924894
|5 LACONCORD2021
|
| 040 |
|
|
|a LC
|b eng
|c LC
|d VCAV
|
| 043 |
|
|
|a s-bl---
|a d------
|
| 050 |
0 |
0 |
|a HD2346.B7
|b S34 1982
|
| 082 |
0 |
4 |
|a 338.6/42/0981
|2 19
|
| 082 |
0 |
4 |
|a 338.6420981
|2 22
|
| 100 |
1 |
|
|a Schmitz, Hubert.
|
| 245 |
1 |
0 |
|a Manufacturing in the backyard :
|b case studies on accumulation and employment in small-scale Brazilian industry /
|c Hubert Schmitz.
|
| 260 |
|
|
|a London :
|b F. Pinter ;
|a New Jersey :
|b Allanheld, Osmun,
|c 1982.
|
| 300 |
|
|
|a 232 p. ;
|c 23 cm.
|
| 504 |
|
|
|a Bibliography: p. 209-232.
|
| 650 |
|
0 |
|a Small business
|z Brazil
|x Case studies.
|
| 650 |
|
0 |
|a Small business
|z Developing countries
|x Case studies.
|
| 852 |
8 |
|
|b CARM
|h A1:AM12B0
|i B09384
|p 0396379
|f BK
|
| 999 |
f |
f |
|i c8ac7af5-b2cd-506f-9f1a-f1b7ce32ba3a
|s 81e066ba-fa87-52e0-9805-1f1d94b6980f
|
| 952 |
f |
f |
|p Can circulate
|a CAVAL
|b CAVAL
|c CAVAL
|d CARM 1 Store
|e B09384
|f A1:AM12B0
|h Other scheme
|i book
|m 0396379
|